[One Piece] Équipage du Roux (Shanks) en images - Statistiques

Statistiques générales
  • Ce quiz a été pris 178 fois
    92 depuis la dernière actualisation
  • Le résultat moyen est 7 sur 11
Statistiques - réponses
Par images Réponse % Correct
Shanks
100%
Yasopp
94%
Lucky Roux
93%
Benn Beckman
91%
Rockstar
75%
Monster
58%
Limejuice
51%
Building Snake
40%
Hongo
40%
Bonk Punch
36%
Howling Gab
34%
Aucun quiz correspondant
Distribution des résultats
% des personnes avec chaque résultat
Percentile par nombre de réponses
Votre historique - résultats
Vous n’avez pas pris ce quiz depuis la dernière actualisation